000 00865cam a2200277 i 4500
003 DO-SdBNP
005 20231020082440.0
007 ta
008 751003s2017 sp 000 0 spa d
020 _a9788417181086
040 _aDO-SdBNP
_bspa
_cBNPHU
_erda
082 4 _bD886
_222
100 _aDumas, Alexandre,
_d1802-1870
_93715
240 1 0 _aLe comte de Monte-Cristo /
_lespañol
245 1 3 _aEl conde de Montecristo /
_cAlexandre Dumas ; traducción José Ramón Monreal
264 1 _aBarcelona, España :
_bNavona,
_c2017.
300 _a1288 páginas
_c22 cm.
336 _2rdacontent
_atexto
_btxt
337 _2rdamedia
_asin mediación
_bn
338 _2rdacarrier
_avolumen
_bnc
500 _aIncluye notas.
590 _aInventariado, 2023/ YL
700 1 _aMonreal, José Ramón
_etraducción
_984436
910 _aYlockward
942 _2ddc
_cLBS1
999 _c55208
_d55208